[Event "Open International d'Ambès 2010"]
[Site "Ambes"]
[Date "2010.04.27"]
[Round "6.17"]
[White "L'Hospital, Philippe"]
[Black "Laric, Emilie"]
[Result "1/2-1/2"]
[WhiteElo "1891"]
[BlackElo "1533"]
[PlyCount "95"]
[EventDate "2010.04.??"]
[EventType "swiss"]
[EventRounds "9"]
[EventCountry "FRA"]

1. d4 Nf6 2. Nf3 b6 3. Nbd2 Bb7 4. e3 d6 5. b3 Nbd7 6. Bb2 e6 7. Bd3 d5 8. O-O
Bd6 9. Ne5 O-O 10. f4 c5 11. Rf3 Qc7 12. Rh3 h6 13. g4 Ne4 14. Nxd7 Qxd7 15. g5
Nxd2 16. Qxd2 e5 17. Qg2 cxd4 18. gxh6 g6 19. fxe5 Bxe5 20. exd4 Bf6 21. Rf1
Qe7 22. Qf3 Bg5 23. a4 Rad8 24. Bc3 Bc8 25. Re1 Qc7 26. Bb4 Bxh3 27. Bxf8 Rxf8
28. Qxh3 Qd8 29. Qg2 Bxh6 30. Re5 Bg7 31. Rxd5 Bxd4+ 32. Kh1 Qf6 33. Qf1 Qxf1+
34. Bxf1 Bc5 35. a5 Rc8 36. axb6 axb6 37. Bc4 Rc7 38. Kg2 Re7 39. h3 Kg7 40.
Rd3 Re2+ 41. Kf3 Rxc2 42. Rd7 Rc3+ 43. Kg4 Kh6 44. Rxf7 Re3 45. Rf6 Re4+ 46.
Kf3 Re3+ 47. Kg2 Kg5 48. Rf7 1/2-1/2

[Event "Open International d'Ambès 2010"]
[Site "Ambes"]
[Date "2010.04.27"]
[Round "6.19"]
[White "Font, Bernard"]
[Black "Jund, Christian"]
[Result "1/2-1/2"]
[WhiteElo "1762"]
[BlackElo "1969"]
[PlyCount "29"]
[EventDate "2010.04.??"]
[EventType "swiss"]
[EventRounds "9"]
[EventCountry "FRA"]

1. e4 d6 2. d4 Nf6 3. Nc3 g6 4. Nf3 Bg7 5. Bd3 O-O 6. O-O c6 7. a4 b6 8. Bf4
Ba6 9. Re1 Bxd3 10. Qxd3 Nbd7 11. e5 dxe5 12. dxe5 Nh5 13. Bd2 Bh8 14. Bh6 Bg7
15. Bd2 1/2-1/2

[Event "Open International d'Ambès 2010"]
[Site "Ambes"]
[Date "2010.04.27"]
[Round "6.20"]
[White "Teyssier, Jean Paul"]
[Black "Van Eeckhout, Guy"]
[Result "0-1"]
[WhiteElo "1724"]
[BlackElo "1725"]
[PlyCount "106"]
[EventDate "2010.04.??"]
[EventType "swiss"]
[EventRounds "9"]
[EventCountry "FRA"]

1. e4 c6 2. d4 d5 3. exd5 cxd5 4. c4 Nf6 5. Nc3 Nc6 6. Bf4 a6 7. h3 e6 8. c5 b6
9. b4 bxc5 10. bxc5 Qa5 11. Bd2 Qc7 12. Nf3 Be7 13. Na4 O-O 14. Bc3 Ne4 15. Bd3
Bf6 16. Bxe4 dxe4 17. Nd2 Bxd4 18. Bxd4 Nxd4 19. Nc4 Rd8 20. Qb1 Bb7 21. Qb6
Qxb6 22. Ncxb6 Nc2+ 23. Ke2 Nxa1 24. Nxa8 Bxa8 25. Rxa1 Bc6 26. Nb6 f5 27. a4
Kf7 28. Nc4 Kf6 29. f4 exf3+ 30. gxf3 Rd4 31. Nd6 Rxa4 32. Rxa4 Bxa4 33. Ke3
Ke5 34. Nc4+ Kf6 35. f4 g5 36. Ne5 gxf4+ 37. Kxf4 Ke7 38. Kg5 Be8 39. h4 a5 40.
Kh6 a4 41. Kxh7 a3 42. c6 Kd6 43. Nc4+ Kxc6 44. Nxa3 f4 45. Kg7 f3 46. Nc2 e5
47. Kf6 Kd5 48. Ne3+ Ke4 49. Ng4 Bh5 50. Nh2 Kf4 51. Nf1 e4 52. Nd2 e3 53. Nc4
f2 0-1

[Event "Open International d'Ambès 2010"]
[Site "Ambes"]
[Date "2010.04.27"]
[Round "6.22"]
[White "Cazeaux, Didier"]
[Black "Maisonnet, Emmanuel"]
[Result "1-0"]
[WhiteElo "1864"]
[BlackElo "1742"]
[PlyCount "87"]
[EventDate "2010.04.??"]
[EventType "swiss"]
[EventRounds "9"]
[EventCountry "FRA"]

1. e4 d6 2. Nc3 Nf6 3. g3 g6 4. Bg2 Bg7 5. Nge2 c5 6. O-O Nc6 7. d3 O-O 8. h3
Ne8 9. g4 e6 10. f4 Ne7 11. Ng3 f5 12. gxf5 Bd4+ 13. Kh2 gxf5 14. Nce2 Ng6 15.
Nxd4 cxd4 16. exf5 exf5 17. Bd5+ Kh8 18. b3 Qh4 19. Qd2 Nf6 20. Qg2 Ng4+ 21.
Kg1 Ne3 22. Bxe3 dxe3 23. Ne2 Ne7 24. Kh2 Rf6 25. Qg5 Qxg5 26. fxg5 Rg6 27. Bg2
Rxg5 28. Rf4 Be6 29. Bxb7 Rf8 30. Rf3 f4 31. Rxf4 Rxf4 32. Nxf4 Bf7 33. Re1 Nf5
34. Ng2 Rg3 35. Be4 Rg5 36. Nxe3 Nd4 37. Rf1 Bg6 38. Bxg6 hxg6 39. Rf2 Kg7 40.
c3 Ne6 41. d4 a6 42. Nc4 d5 43. Ne5 Kh6 44. Nf7+ 1-0

[Event "Open International d'Ambès 2010"]
[Site "Ambes"]
[Date "2010.04.27"]
[Round "6.23"]
[White "Marimon, Frederic"]
[Black "Locatelli, Claude"]
[Result "1/2-1/2"]
[WhiteElo "1667"]
[BlackElo "1617"]
[PlyCount "70"]
[EventDate "2010.04.??"]
[EventType "swiss"]
[EventRounds "9"]
[EventCountry "FRA"]

1. Nf3 d5 2. b3 c5 3. Bb2 Nc6 4. e3 e6 5. Bb5 Bd7 6. d3 Nf6 7. Nbd2 a6 8. Bxc6
Bxc6 9. Ne5 Be7 10. O-O O-O 11. f4 Qc7 12. Rf3 g6 13. Rh3 h5 14. g4 hxg4 15.
Nxg4 Kg7 16. Be5 Qd8 17. Qf3 Rh8 18. Kf2 Rxh3 19. Qxh3 Qh8 20. Qf1 Qh4+ 21. Ke2
Rh8 22. Nf3 Qh3 23. Qxh3 Rxh3 24. Ng5 Rh4 25. h3 Rh8 26. Rh1 c4 27. d4 cxb3 28.
axb3 Bb5+ 29. Kd1 Rc8 30. Rh2 a5 31. h4 Rh8 32. c4 Bc6 33. c5 a4 34. bxa4 Bxa4+
35. Ke1 Bc6 1/2-1/2

[Event "Open International d'Ambès 2010"]
[Site "Ambes"]
[Date "2010.04.27"]
[Round "6.26"]
[White "Guenin, Pierre"]
[Black "Barbot, Pierre"]
[Result "0-1"]
[WhiteElo "1664"]
[BlackElo "1590"]
[PlyCount "55"]
[EventDate "2010.04.??"]
[EventType "swiss"]
[EventRounds "9"]
[EventCountry "FRA"]

1. d4 d5 2. Nf3 Nf6 3. g3 Bf5 4. Bg2 e6 5. c3 c5 6. e3 c4 7. Nbd2 Nc6 8. O-O
Bd6 9. b4 a5 10. b5 Ne7 11. a4 O-O 12. Bb2 Qc7 13. Qc1 Rfe8 14. Ba3 Nc8 15.
Bxd6 Nxd6 16. Ne5 Nfe4 17. Nxe4 Nxe4 18. f3 Nd6 19. Qd2 f6 20. Ng4 Bd3 21. Rfe1
e5 22. Nf2 e4 23. f4 b6 24. Bh3 f5 25. Kh1 g6 26. g4 Kf7 27. Rg1 Rg8 28. Rg3
0-1

[Event "Open International d'Ambès 2010"]
[Site "Ambes"]
[Date "2010.04.29"]
[Round "8.1"]
[White "Piankov, Evgenij"]
[Black "Zubarev, Alexander"]
[Result "0-1"]
[WhiteElo "2337"]
[BlackElo "2536"]
[PlyCount "72"]
[EventDate "2010.04.??"]
[EventType "swiss"]
[EventRounds "9"]
[EventCountry "FRA"]

1. d4 Nf6 2. Nf3 e6 3. e3 c5 4. Bd3 d5 5. b3 Nbd7 6. O-O g6 7. c4 Bg7 8. Nc3
dxc4 9. Bxc4 O-O 10. Bb2 a6 11. a4 cxd4 12. exd4 Nb6 13. Bd3 Nbd5 14. Nxd5 Nxd5
15. Ne5 b6 16. Qf3 f5 17. b4 Bb7 18. b5 Bxe5 19. dxe5 Rf7 20. Bc4 Qh4 21. Bxd5
Bxd5 22. Qg3 Qb4 23. Qc3 a5 24. Rfc1 g5 25. Qd4 Rb8 26. Bc3 Qf8 27. Bb2 f4 28.
Ba3 Qh6 29. Bd6 Rbb7 30. Rc8+ Kg7 31. Ra3 f3 32. gxf3 Qg6 33. Rd3 Rf4 34. Qc3
Rbf7 35. Rc7 Rxc7 36. Bxc7 Rc4 0-1

[Event "Open International d'Ambès 2010"]
[Site "Ambes"]
[Date "2010.04.29"]
[Round "8.2"]
[White "Dgebuadze, Alexandre"]
[Black "Barraud, Mickael"]
[Result "1-0"]
[WhiteElo "2539"]
[BlackElo "1881"]
[PlyCount "53"]
[EventDate "2010.04.??"]
[EventType "swiss"]
[EventRounds "9"]
[EventCountry "FRA"]

1. d4 e6 2. c4 Nf6 3. Nf3 b6 4. g3 Bb7 5. Bg2 d6 6. Nc3 Be7 7. Qc2 Nbd7 8. O-O
d5 9. cxd5 exd5 10. Bf4 O-O 11. Nb5 c6 12. Nd6 Bxd6 13. Bxd6 Re8 14. Rac1 Rc8
15. Bh3 Ne4 16. Bf4 c5 17. Rfd1 cxd4 18. Qa4 Rxc1 19. Rxc1 Nec5 20. Qxd4 Ne6
21. Bxe6 Rxe6 22. Qa4 a6 23. Nd4 Re8 24. Bc7 Qc8 25. Qd1 b5 26. Bf4 Qd8 27. f3
1-0

[Event "Open International d'Ambès 2010"]
[Site "Ambes"]
[Date "2010.04.29"]
[Round "8.3"]
[White "Curely, Etienne"]
[Black "Okhotnik, Vladimir"]
[Result "0-1"]
[WhiteElo "1793"]
[BlackElo "2458"]
[PlyCount "68"]
[EventDate "2010.04.??"]
[EventType "swiss"]
[EventRounds "9"]
[EventCountry "FRA"]

1. e4 g6 2. d4 Bg7 3. Nc3 a6 4. Be3 b5 5. f4 Bb7 6. Bd3 d6 7. Nf3 b4 8. Ne2 Nf6
9. Ng3 h5 10. Ng5 h4 11. Nf1 e6 12. Qe2 Nbd7 13. Rd1 d5 14. e5 Ne4 15. Nd2 Nxg5
16. fxg5 c5 17. c3 h3 18. g3 Qa5 19. Nb3 Qc7 20. Nd2 bxc3 21. bxc3 c4 22. Bc2
Qa5 23. Rb1 Bc6 24. O-O Qxc3 25. Rbc1 Qa3 26. Qf3 O-O 27. Nxc4 dxc4 28. Qxc6
Qxe3+ 29. Kh1 Qxd4 30. Bxg6 Nxe5 31. Bxf7+ Nxf7 32. Rxf7 Rxf7 33. Qxa8+ Rf8 34.
Qc6 Qd5+ 0-1

[Event "Open International d'Ambès 2010"]
[Site "Ambes"]
[Date "2010.04.29"]
[Round "8.4"]
[White "Andonov, Bogomil"]
[Black "Favarel, Antoine"]
[Result "1-0"]
[WhiteElo "2304"]
[BlackElo "2231"]
[PlyCount "77"]
[EventDate "2010.04.??"]
[EventType "swiss"]
[EventRounds "9"]
[EventCountry "FRA"]

1. Nf3 c5 2. c4 Nc6 3. d4 cxd4 4. Nxd4 Nf6 5. Nc3 g6 6. e4 Bg7 7. Be3 Ng4 8.
Qxg4 Nxd4 9. Qd1 Ne6 10. Qd2 Qa5 11. Rc1 d6 12. Be2 Nc5 13. f3 O-O 14. b3 Be6
15. Nd5 Qxd2+ 16. Kxd2 Bxd5 17. cxd5 Rfc8 18. Rc2 a5 19. Rhc1 b6 20. Bb5 Ra7
21. Ke2 Rf8 22. Rb1 f5 23. exf5 gxf5 24. a3 f4 25. Bf2 Rf5 26. b4 axb4 27. axb4
Na4 28. Rc8+ Bf8 29. Bd4 e5 30. Bf2 Rff7 31. Kf1 e4 32. fxe4 f3 33. Bd4 fxg2+
34. Kxg2 Rf4 35. Kh1 h5 36. Ra1 Rxe4 37. Rg1+ Rg4 38. Rxg4+ hxg4 39. Rc1 1-0

[Event "Open International d'Ambès 2010"]
[Site "Ambes"]
[Date "2010.04.29"]
[Round "8.5"]
[White "Lapeyre, Pierre"]
[Black "Trolonge, Remi"]
[Result "1/2-1/2"]
[WhiteElo "2103"]
[BlackElo "1686"]
[PlyCount "46"]
[EventDate "2010.04.??"]
[EventType "swiss"]
[EventRounds "9"]
[EventCountry "FRA"]

1. f4 e6 2. Nf3 Nf6 3. d3 Be7 4. e4 b6 5. e5 Nd5 6. a3 c5 7. c4 Nc7 8. Nc3 d5
9. cxd5 Nxd5 10. Ne4 Bb7 11. Be2 Nd7 12. O-O O-O 13. Ng3 Qc7 14. Bd2 Rfd8 15.
Rc1 Rac8 16. h4 Nf8 17. h5 Qd7 18. Nh1 Nc7 19. Nf2 Ne8 20. Bc3 Nc7 21. Bd2 Ne8
22. Qe1 c4 23. Rc3 cxd3 1/2-1/2

[Event "Open International d'Ambès 2010"]
[Site "Ambes"]
[Date "2010.04.29"]
[Round "8.6"]
[White "Hui Bon Hoa, Edmond"]
[Black "Fantinel, Thibault"]
[Result "0-1"]
[WhiteElo "1792"]
[BlackElo "2187"]
[PlyCount "100"]
[EventDate "2010.04.??"]
[EventType "swiss"]
[EventRounds "9"]
[EventCountry "FRA"]

1. e4 c5 2. Nf3 g6 3. Bc4 Bg7 4. c3 e6 5. d3 Ne7 6. Bb3 Nbc6 7. Be3 b6 8. Qd2
O-O 9. Bh6 d5 10. Bxg7 Kxg7 11. O-O Qc7 12. Na3 a6 13. Rfe1 dxe4 14. Rxe4 Bb7
15. Qf4 Qxf4 16. Rxf4 Rad8 17. Bc2 e5 18. Re4 f6 19. Rd1 h6 20. h3 b5 21. Re3
Rfe8 22. Bb1 Nd5 23. Ree1 Nc7 24. Nc2 f5 25. b4 cxb4 26. Nxb4 Nxb4 27. cxb4
Bxf3 28. gxf3 Nd5 29. Rc1 Nxb4 30. Rc7+ Kf6 31. Rec1 Re6 32. a3 Nxd3 33. Bxd3
Rxd3 34. Ra7 Rxf3 35. Kg2 Rxa3 36. Rcc7 e4 37. h4 h5 38. Rf7+ Ke5 39. Rfc7 Ra2
40. Rc5+ Kf4 41. Rxb5 Rxf2+ 42. Kxf2 axb5 43. Ra1 b4 44. Ke2 b3 45. Rb1 Rb6 46.
Kf2 b2 47. Ke2 Kg4 48. Ke3 Rb4 49. Kd2 f4 50. Kc3 Rb6 0-1

[Event "Open International d'Ambès 2010"]
[Site "Ambes"]
[Date "2010.04.29"]
[Round "8.7"]
[White "Galloux, Maxime"]
[Black "Mamah, Isabelle"]
[Result "1-0"]
[WhiteElo "2021"]
[BlackElo "1786"]
[PlyCount "105"]
[EventDate "2010.04.??"]
[EventType "swiss"]
[EventRounds "9"]
[EventCountry "FRA"]

1. c4 Nf6 2. Nf3 g6 3. g3 Bg7 4. Bg2 d6 5. O-O O-O 6. Nc3 c6 7. Rb1 Bf5 8. d3
Qc8 9. Re1 Na6 10. b4 Nc7 11. a4 Rb8 12. b5 Nd7 13. Bb2 Nb6 14. Rc1 e5 15. bxc6
bxc6 16. Ba3 c5 17. Nd2 Qd7 18. a5 Nc8 19. Rb1 Ne7 20. Nde4 Nc6 21. Qa4 Nd4 22.
Qxd7 Bxd7 23. Red1 Nc2 24. Bb2 Ne6 25. Rdc1 Nb4 26. Ba3 f5 27. Nd2 Nc7 28. Bxb4
cxb4 29. Nd5 Nxd5 30. Bxd5+ Kh8 31. Rc2 Bh6 32. Rcb2 Bxd2 33. Rxd2 b3 34. Rdb2
Ba4 35. a6 Rb6 36. Bb7 Rf7 37. Ra1 Be8 38. Ra3 Kg7 39. Raxb3 Rxb3 40. Rxb3 Kf6
41. Bd5 Re7 42. Rb8 h6 43. Rd8 Bd7 44. e3 Kg7 45. Kf1 Kf6 46. Ke2 g5 47. Kd2
Kg7 48. Ra8 Be8 49. d4 Kf6 50. Kc3 Ba4 51. Rd8 Bd7 52. c5 exd4+ 53. exd4 1-0

[Event "Open International d'Ambès 2010"]
[Site "Ambes"]
[Date "2010.04.29"]
[Round "8.8"]
[White "Ternault, Mathieu"]
[Black "Constantin, Mathias"]
[Result "1-0"]
[WhiteElo "1994"]
[BlackElo "1818"]
[PlyCount "119"]
[EventDate "2010.04.??"]
[EventType "swiss"]
[EventRounds "9"]
[EventCountry "FRA"]

1. d4 Nf6 2. Nf3 d5 3. c4 c6 4. Nc3 e6 5. Bg5 Be7 6. e3 O-O 7. Qc2 Nbd7 8. cxd5
exd5 9. Bd3 h6 10. Bf4 Nh5 11. Be5 Nhf6 12. h3 Re8 13. O-O-O c5 14. Bxf6 Nxf6
15. dxc5 Be6 16. Bb5 Rf8 17. e4 Bxc5 18. exd5 Bd7 19. Bxd7 Qxd7 20. Kb1 Rac8
21. Rhe1 Rfd8 22. Ne5 Qd6 23. Ng4 Bb4 24. Nxf6+ Qxf6 25. Re3 g6 26. Rdd3 Qg5
27. Rg3 Qf5 28. Rd4 Qxc2+ 29. Kxc2 Bd6 30. Rf3 Be5 31. Rd1 b5 32. Kb3 Rb8 33.
Re3 f6 34. f4 Bxf4 35. Re6 Kf7 36. Ne4 f5 37. Nc3 a5 38. Ra6 a4+ 39. Kc2 b4 40.
Nxa4 b3+ 41. axb3 Rdc8+ 42. Nc3 Rb7 43. Rd3 Be5 44. Re3 Re7 45. Kd3 Rd8 46. Kc4
Rc7+ 47. Rc6 Re7 48. b4 f4 49. Re1 h5 50. Ne4 Bxb2 51. Ng5+ Ke8 52. Rxe7+ Kxe7
53. Rxg6 Bf6 54. Ne4 Rc8+ 55. Kd3 Bh4 56. Re6+ Kd8 57. Nc5 Rb8 58. Kc4 Rc8 59.
Rh6 Be1 60. d6 1-0

[Event "Open International d'Ambès 2010"]
[Site "Ambes"]
[Date "2010.04.29"]
[Round "8.9"]
[White "Kirk, Ezra"]
[Black "Barbot, Pierre"]
[Result "1-0"]
[WhiteElo "1970"]
[BlackElo "1590"]
[PlyCount "149"]
[EventDate "2010.04.??"]
[EventType "swiss"]
[EventRounds "9"]
[EventCountry "FRA"]

1. d4 d5 2. c4 c6 3. Nc3 Nf6 4. Nf3 a6 5. e3 dxc4 6. a4 e6 7. Bxc4 Bb4 8. O-O
O-O 9. Qc2 Nbd7 10. e4 h6 11. Rd1 Re8 12. Bf4 Qe7 13. h3 b6 14. Ba2 Bb7 15. Bb1
Nf8 16. e5 Nd5 17. Nxd5 cxd5 18. Kh1 Rec8 19. Qd3 a5 20. g4 Ng6 21. Rg1 Ba6 22.
Qe3 Nxf4 23. Qxf4 g5 24. Qe3 Qd8 25. Nh2 Ra7 26. Nf1 Rac7 27. Ng3 Be7 28. Nh5
Kf8 29. Qf3 Kg8 30. h4 Rc6 31. Qh3 gxh4 32. Qe3 Kf8 33. Qxh6+ Ke8 34. Qg7 R6c7
35. Nf6+ Bxf6 36. exf6 Qd6 37. g5 Be2 38. Re1 h3 39. Qh8+ Kd7 40. Qxh3 Rc1 41.
Ba2 Qf4 42. Bxd5 Bg4 43. Qg2 Rxa1 44. Rxa1 Rc1+ 45. Rxc1 Qxc1+ 46. Kh2 Qf4+ 47.
Qg3 Qxd4 48. Bg2 Bf5 49. Qf3 Qd6+ 50. Kg1 Qc7 51. Bf1 Bg6 52. Bb5+ Kd8 53. Kg2
Qc5 54. Qd1+ Qd5+ 55. Qxd5+ exd5 56. Kf3 Kc7 57. Ke3 Kd6 58. Kd4 Ke6 59. Bd3
Bh5 60. f4 Bg4 61. Bf1 Bf5 62. Bg2 Bg6 63. Bxd5+ Kd6 64. f5 Bh5 65. Be4 Bd1 66.
g6 fxg6 67. fxg6 Bxa4 68. Bd5 Bc2 69. g7 Bh7 70. f7 b5 71. f8=Q+ Kd7 72. Qf7+
Kd6 73. Qe6+ Kc7 74. Qc6+ Kb8 75. Qb7# 1-0

[Event "Open International d'Ambès 2010"]
[Site "Ambes"]
[Date "2010.04.29"]
[Round "8.10"]
[White "Perez, Patrick"]
[Black "Jacquot, David"]
[Result "1/2-1/2"]
[WhiteElo "1801"]
[BlackElo "1945"]
[PlyCount "103"]
[EventDate "2010.04.??"]
[EventType "swiss"]
[EventRounds "9"]
[EventCountry "FRA"]

1. c4 f5 2. Nf3 g6 3. g3 Bg7 4. Bg2 Nf6 5. Nc3 d6 6. d3 O-O 7. O-O c6 8. Rb1
Na6 9. b4 Bd7 10. a4 Rc8 11. Qb3 Kh8 12. Ba3 b6 13. e3 Nc7 14. Nd4 Ne6 15. Nxe6
Bxe6 16. Ne2 c5 17. bxc5 dxc5 18. Bb2 Bg8 19. Rfd1 Qe8 20. Bc3 e5 21. Qb2 e4
22. dxe4 fxe4 23. Qc2 Qe6 24. Bxf6 Bxf6 25. Rbc1 Rce8 26. Nf4 Qf5 27. Bh3 Qe5
28. Rd7 Rf7 29. Rcd1 Rxd7 30. Rxd7 Re7 31. Rxe7 Bxe7 32. Bf1 g5 33. Ne2 Be6 34.
Nc3 Bf5 35. Bg2 Bf6 36. Nxe4 Qa1+ 37. Bf1 Bxe4 38. Qxe4 Qxa4 39. Qa8+ Kg7 40.
Qb7+ Kh6 41. Kg2 Qa3 42. Qe4 Qa4 43. Qe6 Qa1 44. Bd3 Qe5 45. Qh3+ Kg7 46. Qxh7+
Kf8 47. Bg6 Bg7 48. Bd3 a6 49. Qg6 Qf6 50. Qe4 a5 51. Qa8+ Kf7 52. Qa7+ 1/2-1/2

[Event "Open International d'Ambès 2010"]
[Site "Ambes"]
[Date "2010.04.29"]
[Round "8.11"]
[White "Banana, Adnanne"]
[Black "Le Hetet, Nicolas"]
[Result "1-0"]
[WhiteElo "1717"]
[BlackElo "2149"]
[PlyCount "70"]
[EventDate "2010.04.??"]
[EventType "swiss"]
[EventRounds "9"]
[EventCountry "FRA"]

1. e4 c5 2. Nf3 Nc6 3. d4 cxd4 4. Nxd4 e5 5. Nb5 d6 6. N1c3 a6 7. Na3 Be7 8.
Nc4 b5 9. Ne3 Nf6 10. Bd3 O-O 11. Ncd5 Nxd5 12. Nxd5 Be6 13. Be2 Rc8 14. a4 f5
15. exf5 Bxf5 16. c3 Rb8 17. O-O Kh8 18. Bd3 e4 19. Be2 Ne5 20. axb5 axb5 21.
Ra7 Bf6 22. f3 exf3 23. Bxf3 Bd3 24. Be2 Be4 25. Bd3 Nc4 26. Bxc4 bxc4 27. Nxf6
Rxf6 28. Rxf6 gxf6 29. Qg4 Bg6 30. h4 Qc8 31. Qd4 Qf5 32. Qxd6 Qe5 33. Qd2 Re8
34. Kf2 Qe6 35. Qh6 Rg8 1-0

[Event "Open International d'Ambès 2010"]
[Site "Ambes"]
[Date "2010.04.29"]
[Round "8.12"]
[White "Lagunes, Jean Renaud"]
[Black "Van Eeckhout, Guy"]
[Result "1-0"]
[WhiteElo "2107"]
[BlackElo "1725"]
[PlyCount "67"]
[EventDate "2010.04.??"]
[EventType "swiss"]
[EventRounds "9"]
[EventCountry "FRA"]

1. e4 c6 2. d4 d5 3. Nc3 dxe4 4. Nxe4 Nd7 5. Bc4 Ngf6 6. Ng5 e6 7. c3 Nb6 8.
Bb3 Be7 9. Ne2 O-O 10. O-O Qc7 11. Bf4 Bd6 12. Bxd6 Qxd6 13. Qd3 h6 14. Ne4
Nxe4 15. Qxe4 Nd5 16. Rad1 b6 17. Rfe1 Bb7 18. Ng3 Nf6 19. Qh4 c5 20. f3 Qc7
21. Ne4 Nxe4 22. fxe4 Rad8 23. Rd2 Rd6 24. Qf4 cxd4 25. cxd4 Qd7 26. e5 Rc6 27.
Ba4 Qc7 28. Bxc6 Qxc6 29. Rf2 Qd5 30. b3 Qc6 31. Rc1 Qd7 32. Rc3 Qb5 33. Rg3
Qe8 34. Qxh6 1-0

[Event "Open International d'Ambès 2010"]
[Site "Ambes"]
[Date "2010.04.29"]
[Round "8.13"]
[White "Basso, Pierre Yves"]
[Black "Locatelli, Claude"]
[Result "1-0"]
[WhiteElo "1972"]
[BlackElo "1617"]
[PlyCount "67"]
[EventDate "2010.04.??"]
[EventType "swiss"]
[EventRounds "9"]
[EventCountry "FRA"]

1. d4 f5 2. Nf3 Nf6 3. g3 d6 4. Bg2 g6 5. Qd3 Bg7 6. Nbd2 O-O 7. O-O c6 8. e4
fxe4 9. Nxe4 Nxe4 10. Qxe4 Bg4 11. Qe2 Qe8 12. Nh4 Bd7 13. d5 c5 14. Re1 Bf6
15. Qe4 Qf7 16. Bh6 Re8 17. c3 Na6 18. Rad1 Nc7 19. Nf3 e6 20. dxe6 Bxe6 21.
Qf4 d5 22. Ng5 Bxg5 23. Qxg5 Bf5 24. Re3 Rxe3 25. Qxe3 b6 26. Bf4 Re8 27. Qd2
Be6 28. Bxc7 Qxc7 29. Bxd5 Bxd5 30. Qxd5+ Qf7 31. Qxf7+ Kxf7 32. Rd7+ Re7 33.
Rxe7+ Kxe7 34. f4 1-0

[Event "Open International d'Ambès 2010"]
[Site "Ambes"]
[Date "2010.04.29"]
[Round "8.14"]
[White "Babu, Anthony"]
[Black "Bordas, Laurent"]
[Result "1-0"]
[WhiteElo "1919"]
[BlackElo "1601"]
[PlyCount "57"]
[EventDate "2010.04.??"]
[EventType "swiss"]
[EventRounds "9"]
[EventCountry "FRA"]

1. e4 c5 2. Bc4 Nc6 3. Nc3 e6 4. d3 Na5 5. Nf3 Nxc4 6. dxc4 Nf6 7. e5 Ng8 8.
O-O a6 9. Be3 f6 10. Ne4 b6 11. Nh4 g6 12. Qf3 Bb7 13. exf6 Nh6 14. Bxh6 Bxh6
15. Nd6+ Kf8 16. Nxb7 Qc7 17. Nxc5 Rc8 18. Nxa6 Qxc4 19. Qa3+ Kg8 20. Nf3 Bf8
21. f7+ Kg7 22. Qe3 Be7 23. Qd4+ Bf6 24. Qxc4 Rxc4 25. c3 Kxf7 26. a3 Ke7 27.
Rad1 h5 28. Rfe1 d6 29. Nb4 1-0

[Event "Open International d'Ambès 2010"]
[Site "Ambes"]
[Date "2010.04.29"]
[Round "8.15"]
[White "Font, Bernard"]
[Black "Laric, Emilie"]
[Result "1/2-1/2"]
[WhiteElo "1762"]
[BlackElo "1533"]
[PlyCount "59"]
[EventDate "2010.04.??"]
[EventType "swiss"]
[EventRounds "9"]
[EventCountry "FRA"]

1. e4 e5 2. Nf3 Nc6 3. Bb5 a6 4. Bxc6 dxc6 5. O-O Bg4 6. h3 Bxf3 7. Qxf3 Nf6 8.
d3 Be7 9. Qg3 Qd6 10. Nd2 Nh5 11. Qf3 Nf6 12. Nc4 Qe6 13. Qg3 Bd6 14. Bg5 O-O
15. Nxd6 cxd6 16. Qf3 Nd7 17. Be3 Rad8 18. Bg5 f6 19. Bd2 d5 20. exd5 cxd5 21.
Bb4 Rfe8 22. c3 Nb8 23. a4 b6 24. Ba3 Nc6 25. Rfe1 d4 26. c4 a5 27. Qd1 Qd7 28.
f3 Re6 29. Qb3 Rb8 30. Qd1 1/2-1/2

[Event "Open International d'Ambès 2010"]
[Site "Ambes"]
[Date "2010.04.29"]
[Round "8.16"]
[White "Merlet, Francois"]
[Black "Scheid, Gilles"]
[Result "1-0"]
[WhiteElo "1578"]
[BlackElo "1760"]
[PlyCount "67"]
[EventDate "2010.04.??"]
[EventType "swiss"]
[EventRounds "9"]
[EventCountry "FRA"]

1. d4 Nf6 2. Nf3 g6 3. Bg5 Bg7 4. Nbd2 O-O 5. e4 d6 6. Be2 Nbd7 7. O-O c6 8. c3
Qc7 9. Re1 e5 10. dxe5 Nxe5 11. Nxe5 dxe5 12. Qc2 Be6 13. Bf3 h6 14. Be3 Nh7
15. Nb3 b6 16. Rad1 f5 17. exf5 Bxf5 18. Be4 Rad8 19. Rxd8 Qxd8 20. Bxf5 Rxf5
21. Rd1 Qh4 22. Qd3 Nf6 23. Nd2 Qh5 24. Nf1 e4 25. Qd8+ Kh7 26. Ng3 Qg4 27.
Nxf5 gxf5 28. Qd2 Nd5 29. h3 Qh5 30. Bd4 Bxd4 31. Qxd4 f4 32. c4 Nf6 33. Re1
Qg5 34. Rxe4 1-0

[Event "Open International d'Ambès 2010"]
[Site "Ambes"]
[Date "2010.04.29"]
[Round "8.17"]
[White "Marimon, Frederic"]
[Black "Tholey, Jean Paul"]
[Result "0-1"]
[WhiteElo "1667"]
[BlackElo "1996"]
[PlyCount "72"]
[EventDate "2010.04.??"]
[EventType "swiss"]
[EventRounds "9"]
[EventCountry "FRA"]

1. Nf3 d5 2. b3 Nf6 3. Bb2 e6 4. e3 c5 5. Ne5 Be7 6. Bb5+ Nbd7 7. d3 O-O 8.
Bxd7 Nxd7 9. O-O Bf6 10. f4 Qc7 11. d4 b5 12. Rf3 cxd4 13. exd4 b4 14. Rh3 g6
15. g4 Bb7 16. g5 Bg7 17. Nd2 Rfc8 18. Rc1 f6 19. Nd3 Qb6 20. Nf3 e5 21. gxf6
e4 22. Nde5 Nxf6 23. Ng5 Rc7 24. a3 a5 25. a4 Bc8 26. Re3 Nh5 27. c4 bxc3 28.
Rexc3 Rxc3 29. Rxc3 Nxf4 30. Rc6 Qd8 31. h4 Bf6 32. Bc1 Bxe5 33. dxe5 Nd3 34.
Rd6 Qc7 35. Bb2 Qc5+ 36. Kg2 Qf2+ 0-1

[Event "Open International d'Ambès 2010"]
[Site "Ambes"]
[Date "2010.04.29"]
[Round "8.18"]
[White "Boutant, Jade"]
[Black "Jund, Christian"]
[Result "0-1"]
[WhiteElo "1666"]
[BlackElo "1969"]
[PlyCount "103"]
[EventDate "2010.04.??"]
[EventType "swiss"]
[EventRounds "9"]
[EventCountry "FRA"]

1. c4 Nf6 2. Nc3 c5 3. Nf3 Nc6 4. d4 cxd4 5. Nxd4 g6 6. g3 Bg7 7. Bg2 O-O 8.
O-O Ng4 9. Nxc6 dxc6 10. Qc2 Be6 11. b3 Qa5 12. Bb2 Rad8 13. h3 Nh6 14. Rad1
Nf5 15. e3 Rxd1 16. Rxd1 Rd8 17. Rxd8+ Qxd8 18. Na4 Bxb2 19. Nxb2 Nd6 20. Kh2
Qc7 21. Na4 Qa5 22. Nc3 Qe5 23. Ne2 Bf5 24. Qc3 Qxc3 25. Nxc3 Bc2 26. c5 Nc8
27. b4 a6 28. g4 e6 29. Kg3 g5 30. f4 h6 31. Kf3 Ne7 32. fxg5 hxg5 33. e4 Bd3
34. Ke3 Bb5 35. Kd4 Ng6 36. e5 Nf4 37. a4 Ne2+ 38. Nxe2 Bxe2 39. a5 Kg7 40. Ke3
Bc4 41. Kd2 f6 42. Kc3 Bd5 43. exf6+ Kxf6 44. Bf1 Ke5 45. Kd2 Kf4 46. Ke1 Kg3
47. Kd2 e5 48. Ke3 Bg2 49. Bc4 Bxh3 50. Ke4 Bxg4 51. Kxe5 Kf3 52. Kd4 0-1

[Event "Open International d'Ambès 2010"]
[Site "Ambes"]
[Date "2010.04.29"]
[Round "8.19"]
[White "Dubertrand, Bernard"]
[Black "Masset, Jacques"]
[Result "1-0"]
[WhiteElo "1647"]
[BlackElo "1963"]
[PlyCount "69"]
[EventDate "2010.04.??"]
[EventType "swiss"]
[EventRounds "9"]
[EventCountry "FRA"]

1. e4 c5 2. f4 d5 3. e5 Nc6 4. Nf3 Nh6 5. c3 Qb6 6. Na3 Bf5 7. Bb5 a6 8. Ba4 e6
9. d3 Qc7 10. Bc2 Be7 11. O-O O-O 12. Kh1 b5 13. c4 b4 14. Nb1 dxc4 15. dxc4
Rfd8 16. Qe2 Bxc2 17. Qxc2 Nf5 18. Qe4 Rd7 19. Nbd2 Rad8 20. Nb3 a5 21. g4 Nfd4
22. Nbxd4 Nxd4 23. Be3 Nxf3 24. Rxf3 a4 25. Raf1 Rd3 26. f5 Rd1 27. Kg2 Rxf1
28. Kxf1 Qd7 29. Kg2 exf5 30. gxf5 g6 31. e6 fxe6 32. fxg6 Rf8 33. gxh7+ Kh8
34. Qe5+ Kxh7 35. Qh5+ 1-0